Doctor Who Episodes by Any Word Quiz Stats

 Plays Quiz Updated Jan 27, 2019

Support Sporcle.
Go Orange.
Score 0/165 Timer 06:00
23 Plays Today
% Correct
Ascension of the Cybermen
98.2%
The Pyramid at the End of the World
97.9%
The Return of Doctor Mysterio
97.9%
The Time of the Doctor
97.8%
The Doctor Falls
97.7%
The Day of the Doctor
97.6%
Into the Dalek
97.5%
The Woman Who Fell to Earth
97.5%
The End of Time
97.4%
The Name of the Doctor
97.3%
The Doctor Dances
97.2%
Vincent and the Doctor
97.1%
The Doctor, the Widow and the Wardrobe
97.1%
Revolution of the Daleks
97.1%
The End of the World
96.9%
The Next Doctor
96.9%
The Time of Angels
96.9%
Last of the Time Lords
96.5%
Twice Upon a Time
96.4%
Journey to the Centre of the TARDIS
96.1%
Planet of the Dead
96.1%
The Christmas Invasion
96%
Fugitive of the Judoon
95.8%
Rise of the Cybermen
95.8%
The Girl in the Fireplace
95.7%
Forest of the Dead
95.6%
Planet of the Ood
95.6%
Silence in the Library
95.6%
Day of the Moon
95.5%
A Good Man Goes to War
95.5%
Arachnids in the UK
95.5%
In the Forest of the Night
95.4%
The Impossible Planet
95.3%
Asylum of the Daleks
95.3%
The Angels Take Manhattan
95.3%
The Haunting of Villa Diodati
95.2%
Evolution of the Daleks
95.1%
Victory of the Daleks
95.1%
The Lie of the Land
95.1%
The Waters of Mars
95.1%
The Girl Who Died
95.1%
The Unquiet Dead
95.1%
The Parting of the Ways
95%
The Girl Who Waited
94.9%
The Husbands of River Song
94.9%
The Wedding of River Song
94.8%
The Timeless Children
94.8%
Demons of the Punjab
94.8%
The Empty Child
94.8%
The Battle of Ranskoor Av Kolos
94.7%
The Ghost Monument
94.7%
The Stolen Earth
94.6%
The Eaters of Light
94.5%
The Family of Blood
94.5%
A Christmas Carol
94.4%
% Correct
The Hungry Earth
94.4%
The Fires of Pompeii
94.3%
The Age of Steel
94.2%
The Impossible Astronaut
94.1%
The Pilot
94.1%
The Sound of Drums
94.1%
The Unicorn and the Wasp
94%
The Shakespeare Code
94%
The Power of Three
93.9%
The Witchfinders
93.9%
Dinosaurs on a Spaceship
93.9%
The Runaway Bride
93.9%
The Eleventh Hour
93.9%
Voyage of the Damned
93.8%
The Satan Pit
93.7%
The Vampires of Venice
93.7%
The Long Game
93.7%
The Woman Who Lived
93.6%
Kill the Moon
93.6%
The Doctor's Wife
93.6%
The Bells of Saint John
93.5%
The Tsuranga Conundrum
93.5%
The Doctor's Daughter
93.5%
The Pandorica Opens
93.5%
The Zygon Invasion
93.4%
A Town Called Mercy
93.4%
The Rings of Akhaten
93.4%
The Curse of the Black Spot
93.3%
The Beast Below
93.2%
The Rebel Flesh
93.2%
The Idiot's Lantern
93.1%
Mummy on the Orient Express
93.1%
The Sontaran Stratagem
93%
The Big Bang
93%
The Lazarus Experiment
93%
The Poison Sky
92.9%
The Zygon Inversion
92.9%
Face the Raven
92.8%
The Snowmen
92.7%
The Crimson Horror
92.6%
The Lodger
92.6%
The Almost People
92.4%
Under the Lake
92.4%
Before the Flood
92.3%
The God Complex
92.3%
The Magician's Apprentice
92.3%
The Witch's Familiar
92.2%
The Caretaker
92.2%
World Enough and Time
90%
Nikola Tesla's Night of Terror
83.2%
Rose
79.6%
Aliens of London
79.4%
Empress of Mars
78.9%
Death in Heaven
78.3%
Daleks in Manhattan
78.3%
% Correct
Dalek
77.2%
Army of Ghosts
77.1%
Smith and Jones
76.4%
Robot of Sherwood
75%
Partners in Crime
74%
Tooth and Claw
73.2%
Love & Monsters
73.2%
Flesh and Stone
72.5%
Nightmare in Silver
72.1%
World War Three
64.6%
New Earth
62.1%
Time Heist
61.3%
Journey's End
59.7%
Closing Time
59.5%
Last Christmas
55.1%
Cold War
54.9%
Father's Day
54.5%
Blink
54.5%
Bad Wolf
54.2%
42
48.6%
Spyfall, Part 1
48.4%
Spyfall, Part 2
48.1%
It Takes You Away
45.1%
Doomsday
45%
Fear Her
43.8%
Cold Blood
43.8%
Can You Hear Me?
43.6%
Hell Bent
43.4%
Boom Town
43.3%
Heaven Sent
42.7%
Let's Kill Hitler
42.1%
Turn Left
41.9%
Dark Water
41.6%
Midnight
40.4%
Utopia
40.4%
Gridlock
40%
Rosa
39.7%
Deep Breath
39.6%
School Reunion
39.4%
Human Nature
39.3%
Amy's Choice
36.4%
Sleep No More
35.9%
Smile
36%
Night Terrors
35.3%
Resolution
34.2%
Listen
32.3%
Thin Ice
32.2%
Hide
31.3%
Kerblam!
30.6%
Oxygen
30%
Knock Knock
29.4%
Extremis
28.7%
Flatline
27.8%
Orphan 55
25%
Praxeus
21.4%

You're not logged in!

Compare scores with friends on all Sporcle quizzes.
OR
Log In
Forgot?

From the Vault

Click the Capitals: C

by citkeane

Geography 90s
Clicking these cities sounds like a capital idea.
Remove Ads.
Support Sporcle.
Get the best of Sporcle when you Go Orange. This ad-free experience offers more features, more stats, and more fun while also helping to support Sporcle. Thank you for becoming a member.

Show Comments

Extras

Top Quizzes Today


Score Distribution

Your Account Isn't Verified!

In order to create a playlist on Sporcle, you need to verify the email address you used during registration. Go to your Sporcle Settings to finish the process.

Report this User

Report this user for behavior that violates our Community Guidelines.

Details: